Statistics for 11 Supernovae One piece

Click here to take the quiz!

General Stats

  • This quiz has been taken 440 times
  • The average score is 9 of 11

Answer Stats

Names% Correct
Monkey D.Luffy
99%
Eustass Kid
96%
Roronoa Zoro
96%
Trafalgar D.Water Law
95%
Killer
85%
Jewelry Bonney
82%
Basil Hawkins
81%
Capone Bege
80%
X. Drake
79%
Scratchmen Apoo
75%
Urouge
70%

Score Distribution

Percentile by Number Answered

Percent of People with Each Score

Your Score History

You have not taken this quiz